Métodos y técnicas de investigación para las ciencias sociales
I tiakina i:
| Kaituhi matua: | |
|---|---|
| Hōputu: | Pukapuka |
| Reo: | Pāniora |
| I whakaputaina: |
Ciudad de México
Trillas
1990
|
| Putanga: | 2a. ed |
| Ngā marau: | |
| Ngā Tūtohu: |
Tāpirihia he Tūtohu
Kāore He Tūtohu, Me noho koe te mea tuatahi ki te tūtohu i tēnei pūkete!
|
MARC
| LEADER | 00000nam a2200000 a 4500 | ||
|---|---|---|---|
| 001 | UCU7382 | ||
| 003 | CL-VaPUC | ||
| 008 | 960705e19900000MX |||||||||||||||||spa|d | ||
| 020 | |a 9682437202 | ||
| 082 | 0 | 4 | |a 300.72 |b BRI |2 21 |
| 100 | 0 | |a Briones, Guillermo |e author |9 366185 | |
| 245 | 1 | 0 | |a Métodos y técnicas de investigación para las ciencias sociales |
| 250 | |a 2a. ed | ||
| 300 | |a 291 p | ||
| 942 | |c BK | ||
| 945 | |d 19960705 00:00:00 |a rbrito | ||
| 260 | |a Ciudad de México |b Trillas |c 1990 | ||
| 650 | 0 | |a Ciencias sociales |9 256351 | |
| 650 | 7 | |a INVESTIGACIONES |2 CL-VaPUC |9 261211 | |
| 650 | 0 | |a Sociología |9 255410 | |
| 650 | 0 | |a Estadísticas |9 258644 | |
| 650 | 0 | |a Datos estadísticos |9 329380 | |
| 583 | |a last modification |c 19960705 00:00:00 |k Rodrigo Vera | ||
| 999 | |c 250039 |d 250037 | ||
| 952 | |0 0 |1 0 |4 0 |6 300_720000000000000_BRI_1990 |7 0 |8 A |9 267724 |a BIBGIM |b BIBGIM |d 2019-11-19 |i 3228886 |l 1 |o 300.72 BRI 1990 |p 3228886 |r 2025-01-15 |s 2024-09-10 |w 2019-11-19 |y BK |k SSL | ||
| 952 | |0 0 |1 0 |4 0 |6 300_720000000000000_BRI_1990 |7 0 |8 A |9 267725 |a BIBENE |b BIBENE |d 2019-11-19 |i 3366553 |o 300.72 BRI 1990 |p 3366553 |r 2025-01-15 |w 2019-11-19 |y BK |k ICO | ||
| 952 | |0 0 |1 0 |4 0 |6 300_720000000000000_BRI_1990 |7 0 |8 A |9 267726 |a BIBENE |b BIBENE |d 2019-11-19 |i 2615967 |o 300.72 BRI 1990 |p 2615967 |r 2025-01-15 |w 2019-11-19 |y BK |k ICO | ||
| 952 | |0 0 |1 0 |4 0 |6 300_720000000000000_BRI_1990 |7 0 |8 A |9 267727 |a BIBGIM |b BIBGIM |d 2019-11-19 |i 2777940 |o 300.72 BRI 1990 |p 2777940 |r 2025-01-15 |w 2019-11-19 |y BK |k SSL | ||
| 952 | |0 0 |1 0 |4 0 |6 300_720000000000000_BRI_1990 |7 0 |8 A |9 267728 |a BIBEDU |b BIBEDU |d 2019-11-19 |i 4594975 |o 300.72 BRI 1990 |p 4594975 |r 2019-11-19 |w 2019-11-19 |y BK |k BME | ||